ARRUPE JESUIT UNIVERSITY

CORONAVIRUS -STOP THE SPREAD - CLEAN,DISINFECT,COVER

Congres Constitutif Du Parti de la Federation Africaine (Record no. 121634)

MARC details
000 -LEADER
fixed length control field 00406nam a22001337a 4500
008 - FIXED-LENGTH DATA ELEMENTS--GENERAL INFORMATION
fixed length control field 150113b xxu||||| |||| 00| 0 eng d
050 ## - LIBRARY OF CONGRESS CALL NUMBER
Classification number SPC DT30.5. P273
100 ## - MAIN ENTRY--PERSONAL NAME
Personal name Senghor, Leopold Sedar
9 (RLIN) 13859
245 ## - TITLE STATEMENT
Title Congres Constitutif Du Parti de la Federation Africaine
260 ## - PUBLICATION, DISTRIBUTION, ETC. (IMPRINT)
Place of publication, distribution, etc Dakar
Name of publisher, distributor, etc P.F.A
Date of publication, distribution, etc 1959
300 ## - PHYSICAL DESCRIPTION
Extent 120p.
Dimensions 25cm.
610 ## - SUBJECT ADDED ENTRY--CORPORATE NAME
Corporate name or jurisdiction name as entry element Parti de la Federation Africaine
9 (RLIN) 13860
942 ## - ADDED ENTRY ELEMENTS (KOHA)
Source of classification or shelving scheme Library of Congress Classification
Item type SPC
Holdings
Withdrawn status Lost status Source of classification or shelving scheme Damaged status Not for loan Home library Current library Date acquired Total Checkouts Full call number Barcode Date last seen Price effective from Koha item type
    Library of Congress Classification     ARRUPE LIBRARY ARRUPE LIBRARY 13/01/2015   SPC DT30.5. P273 46500003281 13/01/2015 13/01/2015 SPC

 

Arrupe Library. PO Box MP320 Mt Pleasant, Harare, Zimbabwe
263 242 745411|librarian@aju.ac.zw